000 00604nam a2200265Ia 4500
005 20260306163913.0
008 008 260114s9999 xx 000 0 eng d
020 _a9780748653317
037 _aEBOOK
040 _aCRL
040 _beng
040 _cCRL
041 _2eng
041 _aeng
084 _qCRL
100 _aCowan, Finlay
_91129598
245 0 _aScottish History
260 _bEdinburgh University Press
260 _c2012
650 _aSocial Work
856 _uhttps://academic.oup.com/book/20510
942 _cEBOOK
999 _c1711959
_d1711959